Imiona z piosenki "Baśka" zespołu Wilki - Statystyki

Ogólne statystyki
  • Ten quiz został rozwiązany 1 634 razy
  • Średni wynik to 11 z 16
Statystyki odpowiedzi
. Odpowiedź % Poprawnych
1 Baśka
99%
5 Kaśka
87%
2 Ania
84%
3 Zośka
84%
8 Agnieszka
78%
4 Ela
76%
16 Monika
73%
14 Ola
70%
11 Ewelina
65%
6 Magda
63%
13 Iza
62%
12 Ala
59%
9 Karolina
59%
15 Małgorzata
59%
7 Jolka
55%
10 Aśka
54%
Nie znaleziono quizów pasujących do podanych kryteriów
Rozkład punktacji
Procent ludzi z każdym wynikiem
Percentyl według liczby udzielonych odpowiedzi
Twoja historia wyników
Nie rozwiązałeś tego quizu